| 000 | 00580pam a2200181 a 4500 | ||
|---|---|---|---|
| 020 | _a0070108757 : | ||
| 082 | 0 | 0 |
_a620.0285 _bCHA _cL-2, P-90 |
| 100 | 1 |
_aChapra, Steven C. _9132 |
|
| 245 | 1 | 0 |
_aIntroduction to computing for engineers / _cSteven C. Chapra, Raymond P. Canale. |
| 260 |
_aNew York : _bMcGraw-Hill, _cc1986. |
||
| 300 |
_axxi, 707 p. : _bill. ; _c24 cm. |
||
| 500 | _aIncludes index. | ||
| 526 |
_a0 _b0 _c0 _d620_028500000000000_CHA |
||
| 650 | 0 |
_aEngineering _xData processing. _919414 |
|
| 650 | 0 |
_aMCE _9379 |
|
| 700 | 1 |
_aCanale, Raymond P. _9136 |
|
| 942 |
_2ddc _cBK |
||
| 999 |
_c544898 _d544898 |
||